MDQL
is popping MORE tags! Check the
thread
!
Quizzes
Events
Quiz Creation
Community
Videos
Private Events
Remove Ads
Sign In
Join for FREE
Feedback
Dark Mode
Quiz Categories
Sports
Geography
Music
Movies
Television
Just For Fun
Miscellaneous
History
Literature
Language
Science
Gaming
Entertainment
Religion
Holiday
For Kids
Quiz Lab
Recent
Popular Today
Quiz Kudos Today
Editor Picks
Curator Picks
Quizzes by...
Day
Popularity
Type
Ratings
Length
Year
Community
Subscriptions
Recent Discussions
Orange Saloon
Badges
Playlists
Quests
Create
Leaderboards
Showdown
Live 5
Trivia Bingo
Activity
Puzzle Library
Sporcle Events
Private Events
Virtual Trivia
Globe League
Become a Host
Pub Owners
SporcleCon
Opinionation
Our Games
Videos
Blog
Mobile Apps
Partnerships
Remove Ads and Go Orange
Feedback
Gaming
Video Games
Board Games
Card Games
Pokémon
Mario
Nintendo
Minecraft
Console
Toys
Legend of Zelda
Gaming
Video Games
Board Games
Card Games
Pokémon
Mario
Nintendo
Minecraft
Console
Toys
Legend of Zelda
Random Quiz
Search Sporcle
×
Quiz Lab
Quiz Lab
Gaming
special
Type in answers that appear in a list
Type in answers that appear in a list
Classic
Best Score? Go Orange.
Wind Waker Characters Stats
Can you name the Wind Waker Characters?
By
Pupgal6
18m
25 Questions
113 Plays
113 Plays
113 Plays
Comments
Comments
Give Quiz Kudos
Give Quiz Kudos
-
- Ratings
hide this ad
More Info
Replay
Link that replays current quiz
Next Quiz
Link to next quiz in quiz playlist
You Got
0%
They Got
Avg Score
67%
Avg Friend Score
Upgrade to see
Score Distribution
Jump to the score distribution portion of the page
Score
0/25
Timer
18:00
0
Plays Today
Info
Character
% Correct
You can sail the seven seas! In this boat.
The King of Red Lions
97.3%
Our silent hero
Link
97.3%
Pirate girl
Tetra
96.5%
Main Villan
Ganondorf
94.7%
He's a little man in green tights
Tingle
92%
Pirate girl's real name
Zelda
90.3%
Your little sister
Aryll
87.6%
You're his favorite swabbie
Niko
80.5%
Watches over the skies of dragon roost
Valoo
79.6%
Cute little bird girl
Medli
77.9%
Interesting tree boy
Makar
75.2%
Gives you farore's pearl
The Deku Tree
75.2%
Gives you Nayru's Pearl
Jabun
72.6%
Info
Character
% Correct
you get a customer appreciation card from him
Beedle
71.7%
Link is just her type
The Fairy Queen
64.6%
Gives you Din's pearl
Prince Komali
61.9%
Poor girl gone rich
Maggie
61.9%
Ruler of Hyrule
Daphnes
59.3%
Pirate who finds Tetra right after you do
Gonzo
55.8%
He convinces the pirates to let you on board
Quill
54%
you get the sail from him
Zunari
45.1%
You're his pictographing apprentice
Lenzo
44.2%
Rich girl gone poor
Mila
42.5%
Two little girls that give you hints for the expensive price of two rupees
The Little Tipsters
12.4%
She makes your favorite soup for you!
Link's Grannie
7.1%
Quiz Playlist
Details
Report
Send in Message
Add To Playlist
More Info:
Wind Waker characters. Guess them if you can.
Classic:
Type in answers that appear in a list
Last Updated: Feb 16, 2017
Quiz Scoreboard
CHALLENGE
Sign Up to Join the Scoreboard
Show All
Scores
Hide
Comments
May contain spoilers
Recently Published
Image Sorting: Flags VI
by Barbecue
Geography
2m
Find the 'City' Movie
by crazypaving
Movies
60s
Colored Red Africa Blitz
by spor1
Geography
45s
More to Explore
Quiz From the Vault
Featured Blog Post
14 Easter Pick-up Lines to Find Eggs With
hide this ad
You Might Also Like...
Tags
Character
special
Wind
Wind Waker
Today's Top Quizzes in Gaming
Browse Gaming
hide this ad
Today's Top Quizzes in special
Browse special
Top Contributed Quizzes in Gaming
1
League of Legends Pro Players by Career/Team History
2
Destiny 2 exotic weapons by perk icons
3
Genshin murder mystery
4
Dead By Daylight Logic Puzzle
5
Genshin Impact Logic Puzzle
6
Overwatch Logic Puzzle
7
4x4 Decades: Video Games
8
Who's on the WWE 2K24 Cover?
9
Overwatch 2: Ultimate Ability Icons
10
Valorant Agent Developer Names (Up to Clove)
Explore More
Trending Topics
Kpop
Marvel
Disney
Harry Potter
Crossword
NBA
Anime
Song
WWE
Soccer
NFL
Pokémon
The Office
Puzzle
Country
hide this ad
More By:
Pupgal6
Quiz
Plays
Rating
Category
Featured
Created
Skyward Sword Characters by Quote
634
3.50
Gaming
Jul 24, 2012
Interesting Zelda Characters
190
1.86
Gaming
Jul 24, 2012
Wind Waker Characters
113
1.50
Gaming
Jul 24, 2012
Go to Creator's Profile
Score Distribution
Quiz Creator Spotlight
Pupgal6
Follow
Send a Message
Quizzes Created
-
Created Quiz Play Count
-
More By This Creator
Popular Quizzes Today
1
Colored Red Africa Blitz
2
Find the US States - No Outlines Minefield
3
Find the 'City' Movie
4
5x2 Blitz: Bands
5
The Countries of the World
6
Find the US States
7
Find the Countries of Europe - No Outlines Minefield
8
US States
More Gaming Quizzes
Franchises in Super Smash Bros.
Quiz Lab
Trending Quizzes
Colored Red Europe Blitz I
Colored Red Europe Blitz II
Colored Red Africa Blitz II
Colored Red Europe Blitz III
Colored Red Africa Blitz III
Recently Updated
How Do You Spell That?
pecheneg
Godzilla Movies
pecheneg
Grab Bag: 4-10 Letters
pecheneg
2024 March Madness Bracket
pecheneg
Famous TV Couples
Peacemaker
Champions League XIs: Real Madrid
pecheneg
Largest US Cities 1790-2010
pecheneg
Rides in Walt Disney World
pecheneg
Most Oscar Losses (Acting)
pecheneg
Beyoncé Albums
pecheneg
Trending Topics
Disney
Marvel
Crossword
Anime
Kpop
NBA
Harry Potter
The Office
Soccer
WWE
Puzzle
NFL
Song
Pokémon
Country
Your Account Isn't Verified!
In order to create a playlist on Sporcle, you need to verify the email address you used during registration. Go to your
Sporcle Settings
to finish the process.
Report this User
Report this user for behavior that violates our
Community Guidelines
.
Details:
Send Report
Go to the Sporcle.com Mobile Site →
Comments